00775nam a2200217 a 450000100060000000300090000600800410001502000150005604000280007108200180009910000230011724500670014026000270020730000100023450501640024465000330040865000300044165000290047165000280050065000290052822878CO-ViMGA141112s2004 ck r 000 u spa d a9586825167 aCO-ViMGAbspacCO-ViMGA04a658.404 E743f1 aEtienne F. Teodoro10aFinanciamiento y administraciòn de proyectos de desarrollo aColombia : bAlfaomega a236p. aProyectos de inversion y desarrollo, Gerencia de proyectos - Unidad ejecutora, Formulacion de proyectos, Financiamiento de proyectos de desarrollo, Conclusion14aADMINISTRACION DE PROYECTOS 14aELABORACION DE PROYECTOS 14aEVALUACION DE PROYECTOS 14aPROYECTOS DE INVERSION14aPROYECTOS DE DESARROLLO